Kraje Europy większe niż Polska - Statystyki

Ogólne statystyki
  • Ten quiz został rozwiązany 514 razy
    279 od ostatniego zresetowania
  • Średni wynik to 9 z 10
Statystyki odpowiedzi
Km2 Odpowiedź % Poprawnych
17 100 000 Rosja
99%
357 592 Niemcy
97%
551 695 Francja
96%
506 030 Hiszpania
96%
603 628 Ukraina
95%
450 295 Szwecja
91%
385 207 Norwegia
89%
338 462 Finlandia
88%
783 562 Turcja
84%
2 725 000 Kazachstan
48%
Nie znaleziono quizów pasujących do podanych kryteriów
Rozkład punktacji
Procent ludzi z każdym wynikiem
Percentyl według liczby udzielonych odpowiedzi
Twoja historia wyników
Nie rozwiązałeś tego quizu od ostatniego zresetowania